书目信息 |
| 题名: |
联合国手册
|
|
| 作者: | ;联合国新闻部 编 ;中国对外翻译出版公司第二编译室 译 | |
| 分册: | ||
| 出版信息: | 北京 中国对外翻译出版公司 1981 |
|
| 页数: | 437页 | |
| 开本: | 21cm | |
| 丛书名: | ||
| 单 册: | ||
| 中图分类: | D813.2-62 | |
| 科图分类: | ||
| 主题词: | 联合国--手册 | |
| 电子资源: | ||
| ISBN: | ||
| 000 | 00805nam0 2200253 45 | |
| 001 | 0181002483 | |
| 005 | 20050427093336.4 | |
| 010 | @dCNY2.00 | |
| 091 | @a30220.3 | |
| 100 | @a19950407d1981 em y0chiy0121 ea | |
| 101 | 1 | @achi@ceng |
| 102 | @aCN@b110000 | |
| 105 | @ay z 000yy | |
| 200 | 10 | @a联合国手册@Alian he guo shou ce@f联合国新闻部编@FLian He Guo Xin Wen Bu Bian@g中国对外翻译出版公司第二编译室译 |
| 205 | @a9版 | |
| 210 | @a北京@c中国对外翻译出版公司@d1981 | |
| 215 | @a437页@d21cm | |
| 606 | 0 | @a联合国@x手册 |
| 690 | @aD813.2-62@v3 | |
| 711 | 02 | @a联合国新闻部@4编 |
| 712 | 02 | @a中国对外翻译出版公司第二编译室@Azhong guo dui wai fan yi chu ban gong si di er bian yi shi@4译 |
| 801 | 0 | @aCN@b上海图书馆@c20050426 |
| 801 | 2 | @aCN@bNLC@c20050426 |
| 905 | @f1@b144411@dD813.2-62@e21=9 | |
| 联合国手册/联合国新闻部编/中国对外翻译出版公司第二编译室译.-9版.-北京:中国对外翻译出版公司,1981 |
| 437页;21cm |
| ISBN :CNY2.00 |
| ● |
| 相关链接 |
|
|
|
|
正题名:联合国手册
索取号:D813.2-62/21=9
 
预约/预借
| 序号 | 登录号 | 条形码 | 馆藏地/架位号 | 状态 | 备注 |
| 1 | 0144411 | 001692608 | 工具书阅览室/ [索取号:D813.2-62/21=9] | 在馆 | |
| 2 | 0144412 | 202392204 | 第一样本阅览室/ [索取号:D813.2-62/21=9] | 在馆 |